The idea of a new University: an experiment in Sussex (Record no. 46109)

MARC details
000 -LEADER
fixed length control field 00577nam a2200157 a 4500
008 - FIXED-LENGTH DATA ELEMENTS--GENERAL INFORMATION
fixed length control field 120416s1964 ||||||||||||||||| || u
020 ## - INTERNATIONAL STANDARD BOOK NUMBER
International Standard Book Number 0233962050
050 ## - LIBRARY OF CONGRESS CALL NUMBER
Classification number LB 2331 Ide
100 ## - MAIN ENTRY--PERSONAL NAME
Personal name Daiches, David
245 14 - TITLE STATEMENT
Title The idea of a new University: an experiment in Sussex
Statement of responsibility, etc. edited by David Daiches
260 ## - PUBLICATION, DISTRIBUTION, ETC.
Place of publication, distribution, etc. London:
Name of publisher, distributor, etc. Andre Deutsch
Date of publication, distribution, etc. 1964
300 ## - PHYSICAL DESCRIPTION
Extent 271p.
350 ## - PRICE (NR) (BK AM CF MU VM SE) [OBSOLETE]
Price 0.00
650 ## - SUBJECT ADDED ENTRY--TOPICAL TERM
Topical term or geographic name entry element University of Sussex
995 ## - RECOMMENDATION 995 [LOCAL, UNIMARC FRANCE]
-- 0.00
-- CBU-MAIN LIBRARY (Kitwe)
-- 1
-- 2.05
-- 1
-- AVAILABLE
-- Main Library Open Access Collection
Holdings
Withdrawn status Lost status Source of classification or shelving scheme Damaged status Not for loan Home library Current library Shelving location Date acquired Total Checkouts Full call number Barcode Date last seen Price effective from Koha item type
          CBU-MAIN LIBRARY, KITWE. CBU-MAIN LIBRARY, KITWE.   11/30/2022   LB 2331 Ide 009145 11/30/2022 11/30/2022 MONOGRAPH